[Event "ABC 2025 Groep C"]
[Site "Utrecht"]
[Date "????.??.??"]
[Round "1.8"]
[White "Okita, Shinsaku"]
[Black "Mutta, Sevya Sonit"]
[Result "0-1"]
[WhiteFideId "8910748"]
[BlackFideId "9047258"]
[WhiteElo "1860"]
[BlackElo "1610"]

1. e4 {[%clk 00:55:17]} {[%emt 00:00:04]} c5 {[%clk 00:55:01]} {[%emt
00:00:17]} 2. Nf3 {[%clk 00:55:20]} {[%emt 00:00:08]} Nc6 {[%clk 00:55:06]}
{[%emt 00:00:05]} 3. d4 {[%clk 00:55:18]} {[%emt 00:00:14]} cxd4 {[%clk
00:55:11]} {[%emt 00:00:04]} 4. Nxd4 {[%clk 00:55:24]} {[%emt 00:00:04]} g6
{[%clk 00:55:14]} {[%emt 00:00:06]} 5. Be3 {[%clk 00:55:23]} {[%emt 00:00:12]}
Bg7 {[%clk 00:55:17]} {[%emt 00:00:07]} 6. Nc3 {[%clk 00:55:27]} {[%emt
00:00:06]} Nf6 {[%clk 00:55:17]} {[%emt 00:00:11]} 7. Be2 {[%clk 00:54:47]}
{[%emt 00:00:50]} O-O {[%clk 00:55:15]} {[%emt 00:00:11]} 8. f3 {[%clk
00:54:49]} {[%emt 00:00:11]} d5 {[%clk 00:55:14]} {[%emt 00:00:08]} 9. Nxc6
{[%clk 00:54:36]} {[%emt 00:00:23]} bxc6 {[%clk 00:55:14]} {[%emt 00:00:10]} 10.
exd5 {[%clk 00:54:39]} {[%emt 00:00:07]} Nxd5 {[%clk 00:54:54]} {[%emt
00:00:30]} 11. Bd4 {[%clk 00:54:25]} {[%emt 00:00:25]} Nxc3 {[%clk 00:54:36]}
{[%emt 00:00:27]} 12. bxc3 {[%emt 00:01:09]} Bf5 {[%clk 00:53:20]} {[%emt
00:01:24]} 13. Bxg7 {[%clk 00:52:31]} {[%emt 00:01:07]} Kxg7 {[%clk 00:51:09]}
{[%emt 00:02:21]} 14. Bd3 {[%clk 00:52:05]} {[%emt 00:00:36]} Qa5 {[%clk
00:50:21]} {[%emt 00:00:58]} 15. Qd2 {[%clk 00:49:35]} {[%emt 00:02:40]} Rad8
{[%clk 00:49:32]} {[%emt 00:00:58]} 16. O-O {[%clk 00:49:09]} {[%emt 00:00:37]}
Rd6 {[%clk 00:45:27]} {[%emt 00:04:07]} 17. Qg5 {[%clk 00:43:38]} {[%emt
00:05:48]} Qb6+ {[%clk 00:42:17]} {[%emt 00:03:21]} 18. Kh1 {[%clk 00:43:41]}
{[%emt 00:00:06]} Bxd3 {[%clk 00:42:17]} {[%emt 00:00:10]} 19. cxd3 {[%clk
00:43:37]} {[%emt 00:00:15]} f6 {[%clk 00:41:20]} {[%emt 00:01:07]} 20. Qd2
{[%clk 00:42:17]} {[%emt 00:01:30]} Rfd8 {[%clk 00:41:12]} {[%emt 00:00:18]} 21.
Qe2 {[%clk 00:41:43]} {[%emt 00:00:44]} e5 {[%clk 00:40:35]} {[%emt 00:00:47]}
22. Rfd1 {[%clk 00:36:29]} {[%emt 00:05:25]} Qa6 {[%clk 00:38:41]} {[%emt
00:02:04]} 23. c4 {[%clk 00:33:43]} {[%emt 00:02:55]} Qa3 {[%clk 00:37:42]}
{[%emt 00:01:21]} 24. f4 {[%clk 00:33:09]} {[%emt 00:00:33]} Rxd3 {[%clk
00:34:22]} {[%emt 00:03:29]} 25. fxe5 {[%clk 00:30:32]} {[%emt 00:02:47]} Qxa2
{[%clk 00:27:34]} {[%emt 00:06:57]} 26. exf6+ {[%clk 00:28:17]} {[%emt
00:02:26]} Kh6 {[%clk 00:27:11]} {[%emt 00:00:32]} 27. Qf1 {[%clk 00:27:34]}
{[%emt 00:00:54]} Qxc4 {[%clk 00:24:52]} {[%emt 00:02:28]} 28. Re1 {[%clk
00:20:42]} {[%emt 00:07:03]} Qd4 {[%clk 00:22:37]} {[%emt 00:02:25]} 29. f7
{[%clk 00:19:25]} {[%emt 00:01:27]} Rf8 {[%clk 00:19:18]} {[%emt 00:03:29]} 30.
Re8 {[%clk 00:18:54]} {[%emt 00:00:41]} Rxf7 {[%clk 00:19:01]} {[%emt
00:00:26]} 31. Qc1+ {[%clk 00:18:44]} {[%emt 00:00:20]} Qf4 {[%clk 00:18:27]}
{[%emt 00:00:44]} 32. g3 {[%clk 00:16:24]} {[%emt 00:02:31]} Qd2 {[%clk
00:17:15]} {[%emt 00:01:21]} 33. Re2 {[%clk 00:14:33]} {[%emt 00:02:01]} Qxc1+
{[%clk 00:17:04]} {[%emt 00:00:22]} 34. Rxc1 {[%clk 00:14:41]} {[%emt
00:00:03]} Rd6 {[%clk 00:16:49]} {[%emt 00:00:24]} 35. Rec2 {[%clk 00:14:06]}
{[%emt 00:00:45]} Rc7 {[%clk 00:16:48]} {[%emt 00:00:10]} 36. Rc5 {[%clk
00:14:02]} {[%emt 00:00:15]} Kg7 {[%clk 00:16:32]} {[%emt 00:00:25]} 37. R1c2
{[%clk 00:13:42]} {[%emt 00:00:31]} Kf6 {[%clk 00:16:21]} {[%emt 00:00:19]} 38.
Kg2 {[%clk 00:13:03]} {[%emt 00:00:52]} Ke6 {[%clk 00:16:09]} {[%emt 00:00:20]}
39. Re2+ {[%clk 00:12:56]} {[%emt 00:00:17]} Kd7 {[%clk 00:16:06]} {[%emt
00:00:13]} 40. Rce5 {[%clk 00:12:01]} {[%emt 00:01:06]} Rd5 {[%clk 00:15:36]}
{[%emt 00:00:40]} 41. Re6 {[%clk 00:10:54]} {[%emt 00:01:18]} c5 {[%clk
00:13:36]} {[%emt 00:02:09]} 42. Ra6 {[%clk 00:10:07]} {[%emt 00:00:57]} Rd6
{[%clk 00:13:37]} {[%emt 00:00:09]} 43. Ra5 {[%clk 00:09:28]} {[%emt 00:00:49]}
c4 {[%clk 00:12:01]} {[%emt 00:01:46]} 44. Rea2 {[%clk 00:09:23]} {[%emt
00:00:15]} c3 {[%clk 00:11:47]} {[%emt 00:00:24]} 45. Rxa7 {[%clk 00:09:25]}
{[%emt 00:00:08]} Rd2+ {[%emt 00:02:27]} 46. Ra1 {[%emt 00:00:33]} 0-1

[Event "ABC 2025 Groep C"]
[Site "Utrecht"]
[Date "????.??.??"]
[Round "1.9"]
[White "Borovitski, Sophie"]
[Black "Kshirsagar, Parth"]
[Result "0-1"]
[WhiteFideId "8910418"]
[BlackFideId "8887758"]
[WhiteElo "1587"]
[BlackElo "1846"]

1. c4 {[%clk 00:55:19]} Nf6 {[%clk 00:55:13]} {[%emt 00:00:08]} 2. Nc3 {[%clk
00:55:15]} {[%emt 00:00:13]} d5 {[%clk 00:53:44]} {[%emt 00:01:40]} 3. cxd5
{[%clk 00:54:00]} {[%emt 00:01:25]} Nxd5 {[%clk 00:53:49]} {[%emt 00:00:05]} 4.
e4 {[%clk 00:53:56]} {[%emt 00:00:14]} Nxc3 {[%clk 00:53:27]} {[%emt 00:00:32]}
5. bxc3 {[%clk 00:53:52]} {[%emt 00:00:14]} e5 {[%clk 00:53:08]} {[%emt
00:00:29]} 6. Nf3 {[%clk 00:53:03]} {[%emt 00:00:58]} Nc6 {[%clk 00:52:33]}
{[%emt 00:00:45]} 7. Bb5 {[%clk 00:53:01]} {[%emt 00:00:12]} Bd6 {[%clk
00:51:52]} {[%emt 00:00:51]} 8. Qa4 {[%clk 00:51:41]} {[%emt 00:01:31]} Bd7
{[%clk 00:51:07]} {[%emt 00:00:54]} 9. Qc2 {[%clk 00:50:56]} {[%emt 00:00:56]}
O-O {[%clk 00:50:57]} {[%emt 00:00:19]} 10. O-O {[%clk 00:50:54]} {[%emt
00:00:12]} Re8 {[%clk 00:49:51]} {[%emt 00:01:16]} 11. Bb2 {[%clk 00:50:32]}
{[%emt 00:00:33]} a6 {[%clk 00:48:38]} {[%emt 00:01:23]} 12. Be2 {[%clk
00:50:17]} {[%emt 00:00:25]} Re6 {[%clk 00:46:39]} {[%emt 00:02:09]} 13. d4
{[%clk 00:49:22]} {[%emt 00:01:05]} exd4 {[%clk 00:39:28]} {[%emt 00:07:21]} 14.
cxd4 {[%clk 00:49:21]} {[%emt 00:00:11]} Rh6 {[%clk 00:37:32]} {[%emt
00:02:05]} 15. e5 {[%clk 00:44:44]} {[%emt 00:04:48]} Bf8 {[%clk 00:36:56]}
{[%emt 00:00:46]} 16. a3 {[%clk 00:43:11]} {[%emt 00:01:44]} Bg4 {[%clk
00:31:05]} {[%emt 00:05:59]} 17. Bc1 {[%clk 00:42:26]} {[%emt 00:00:55]} Rh5
{[%clk 00:25:22]} {[%emt 00:05:54]} 18. Qe4 {[%clk 00:38:12]} {[%emt 00:04:24]}
Bxf3 {[%clk 00:23:59]} {[%emt 00:01:32]} 19. Bxf3 {[%clk 00:37:37]} {[%emt
00:00:45]} Rh4 {[%clk 00:23:54]} {[%emt 00:00:16]} 20. Qe3 {[%clk 00:33:05]}
{[%emt 00:04:42]} Nxd4 {[%clk 00:17:29]} {[%emt 00:06:34]} 21. Qc3 {[%clk
00:31:44]} {[%emt 00:01:31]} Nxf3+ {[%clk 00:15:00]} {[%emt 00:02:39]} 22. Qxf3
{[%clk 00:31:34]} {[%emt 00:00:18]} Qd4 {[%clk 00:14:14]} {[%emt 00:00:58]} 23.
Bg5 {[%clk 00:30:36]} {[%emt 00:01:08]} Rg4 {[%clk 00:13:05]} {[%emt 00:01:19]}
24. Be3 {[%clk 00:29:14]} {[%emt 00:01:33]} Qe4 {[%clk 00:12:45]} {[%emt
00:00:30]} 25. Qh3 {[%clk 00:28:19]} {[%emt 00:01:05]} Rd8 {[%clk 00:06:38]}
{[%emt 00:06:16]} 26. Rfe1 {[%clk 00:27:19]} {[%emt 00:01:10]} Qg6 {[%clk
00:05:54]} {[%emt 00:00:53]} 27. g3 {[%clk 00:26:18]} {[%emt 00:01:13]} Ra4
{[%clk 00:05:20]} {[%emt 00:00:43]} 28. Rad1 {[%clk 00:25:33]} {[%emt
00:00:55]} Rxd1 {[%clk 00:04:19]} {[%emt 00:01:12]} 29. Rxd1 {[%clk 00:25:23]}
{[%emt 00:00:19]} Rxa3 {[%clk 00:04:17]} {[%emt 00:00:12]} 30. Rd8 {[%clk
00:25:18]} {[%emt 00:00:14]} Ra1+ {[%clk 00:03:55]} {[%emt 00:00:34]} 31. Kg2
{[%clk 00:25:09]} {[%emt 00:00:18]} Qe4+ {[%clk 00:03:56]} {[%emt 00:00:09]} 32.
f3 {[%clk 00:24:25]} {[%emt 00:00:54]} Qxe3 {[%clk 00:03:46]} {[%emt 00:00:21]}
33. g4 {[%clk 00:23:40]} {[%emt 00:00:54]} Qg1# {[%clk 00:03:46]} {[%emt
00:00:09]} 0-1

[Event "ABC 2025 Groep C"]
[Site "Utrecht"]
[Date "????.??.??"]
[Round "1.10"]
[White "Roersma, Dylan"]
[Black "Bhaskarabhatla, Maithili M"]
[Result "1-0"]
[WhiteFideId "8962217"]
[BlackFideId "8951349"]
[WhiteElo "1839"]
[BlackElo "1585"]

1. e4 {[%clk 00:55:17]} {[%emt 00:00:04]} c5 {[%clk 00:55:09]} {[%emt
00:00:08]} 2. Nf3 {[%clk 00:55:24]} {[%emt 00:00:04]} d6 {[%clk 00:55:13]}
{[%emt 00:00:05]} 3. d4 {[%clk 00:55:25]} {[%emt 00:00:12]} cxd4 {[%clk
00:55:18]} {[%emt 00:00:03]} 4. Nxd4 {[%clk 00:55:31]} {[%emt 00:00:04]} Nc6
{[%clk 00:55:21]} {[%emt 00:00:06]} 5. Be3 {[%clk 00:55:25]} {[%emt 00:00:17]}
Nf6 {[%clk 00:55:19]} {[%emt 00:00:12]} 6. f3 {[%clk 00:55:09]} {[%emt
00:00:26]} e5 {[%clk 00:55:10]} {[%emt 00:00:18]} 7. Nb3 {[%clk 00:55:11]}
{[%emt 00:00:09]} Be7 {[%clk 00:54:53]} {[%emt 00:00:27]} 8. Nc3 {[%clk
00:55:09]} {[%emt 00:00:13]} Be6 {[%clk 00:54:32]} {[%emt 00:00:29]} 9. Qd2
{[%clk 00:54:47]} {[%emt 00:00:32]} O-O {[%clk 00:54:16]} {[%emt 00:00:27]} 10.
O-O-O {[%clk 00:54:26]} {[%emt 00:00:31]} a6 {[%clk 00:53:43]} {[%emt
00:00:43]} 11. g4 {[%clk 00:53:38]} {[%emt 00:00:57]} b5 {[%clk 00:53:10]}
{[%emt 00:00:44]} 12. h4 {[%clk 00:52:08]} {[%emt 00:01:40]} Bxb3 {[%clk
00:52:21]} {[%emt 00:00:59]} 13. axb3 {[%clk 00:52:00]} {[%emt 00:00:17]} b4
{[%clk 00:51:16]} {[%emt 00:01:14]} 14. Na4 {[%clk 00:46:52]} {[%emt 00:05:19]}
Nd7 {[%clk 00:50:08]} {[%emt 00:01:17]} 15. g5 {[%clk 00:45:32]} {[%emt
00:01:32]} Nc5 {[%clk 00:49:33]} {[%emt 00:00:44]} 16. Nxc5 {[%clk 00:43:33]}
{[%emt 00:02:10]} dxc5 {[%clk 00:49:32]} {[%emt 00:00:10]} 17. Qf2 {[%clk
00:43:00]} {[%emt 00:00:43]} Qa5 {[%clk 00:48:20]} {[%emt 00:01:19]} 18. Kb1
{[%clk 00:42:02]} {[%emt 00:01:12]} Rad8 {[%clk 00:47:58]} {[%emt 00:00:31]} 19.
Bd3 {[%clk 00:40:58]} {[%emt 00:01:15]} Nd4 {[%clk 00:47:07]} {[%emt 00:01:01]}
20. h5 {[%clk 00:40:12]} {[%emt 00:00:56]} Qb6 {[%clk 00:46:20]} {[%emt
00:00:52]} 21. f4 {[%clk 00:36:08]} {[%emt 00:04:18]} exf4 {[%clk 00:45:36]}
{[%emt 00:00:54]} 22. Qxf4 {[%clk 00:35:33]} {[%emt 00:00:46]} Ne6 {[%clk
00:44:35]} {[%emt 00:01:11]} 23. Qg4 {[%clk 00:35:21]} {[%emt 00:00:22]} Nd4
{[%clk 00:43:51]} {[%emt 00:00:51]} 24. g6 {[%clk 00:33:55]} {[%emt 00:01:39]}
f6 {[%clk 00:42:06]} {[%emt 00:01:53]} 25. Bc4+ {[%clk 00:32:47]} {[%emt
00:01:20]} Kh8 {[%clk 00:41:55]} {[%emt 00:00:20]} 26. h6 {[%clk 00:32:48]}
{[%emt 00:00:09]} Rfe8 {[%clk 00:38:48]} {[%emt 00:03:29]} 27. hxg7+ {[%clk
00:32:48]} Kxg7 {[%clk 00:37:17]} {[%emt 00:01:40]} 28. Bh6+ {[%clk 00:29:40]}
{[%emt 00:03:18]} Kh8 {[%clk 00:36:55]} {[%emt 00:00:30]} 29. g7# {[%emt
00:00:08]} 1-0

[Event "ABC 2025 Groep C"]
[Site "Utrecht"]
[Date "????.??.??"]
[Round "1.11"]
[White "Ngangbam, Malem"]
[Black "Ma, Tim"]
[Result "0-1"]
[WhiteFideId "8979212"]
[BlackFideId "8933991"]
[WhiteElo "1582"]
[BlackElo "1821"]

1. e4 {[%clk 00:55:15]} {[%emt 00:00:05]} c5 {[%clk 00:55:10]} {[%emt
00:00:11]} 2. Nf3 {[%clk 00:55:16]} {[%emt 00:00:08]} Nc6 {[%clk 00:55:12]}
{[%emt 00:00:10]} 3. d4 {[%clk 00:55:18]} {[%emt 00:00:07]} cxd4 {[%clk
00:55:18]} {[%emt 00:00:04]} 4. Nxd4 {[%clk 00:55:22]} {[%emt 00:00:05]} e6
{[%clk 00:55:23]} {[%emt 00:00:06]} 5. Be3 {[%clk 00:54:55]} {[%emt 00:00:37]}
Nf6 {[%clk 00:55:25]} {[%emt 00:00:08]} 6. Nc3 {[%clk 00:54:34]} {[%emt
00:00:32]} Bb4 {[%clk 00:55:17]} {[%emt 00:00:17]} 7. Bd3 {[%clk 00:53:48]}
{[%emt 00:00:57]} d5 {[%clk 00:55:10]} {[%emt 00:00:16]} 8. O-O {[%clk
00:49:59]} {[%emt 00:04:00]} Bxc3 {[%clk 00:54:24]} {[%emt 00:00:56]} 9. bxc3
{[%clk 00:47:53]} {[%emt 00:02:16]} dxe4 {[%clk 00:53:46]} {[%emt 00:00:48]} 10.
Bb5 {[%clk 00:44:55]} {[%emt 00:03:07]} Qc7 {[%clk 00:51:10]} {[%emt 00:02:46]}
11. Bg5 {[%clk 00:37:40]} {[%emt 00:07:25]} e5 {[%clk 00:45:04]} {[%emt
00:06:16]} 12. Bxf6 {[%clk 00:34:10]} {[%emt 00:03:41]} gxf6 {[%clk 00:44:13]}
{[%emt 00:01:00]} 13. Nb3 {[%clk 00:32:58]} {[%emt 00:01:23]} Bf5 {[%clk
00:40:10]} {[%emt 00:04:11]} 14. Qe2 {[%clk 00:31:30]} {[%emt 00:01:39]} Rg8
{[%clk 00:37:47]} {[%emt 00:02:33]} 15. f3 {[%clk 00:29:20]} {[%emt 00:02:20]}
Bh3 {[%clk 00:35:46]} {[%emt 00:02:11]} 16. Rf2 {[%clk 00:28:08]} {[%emt
00:01:23]} Qb6 {[%clk 00:34:49]} {[%emt 00:01:06]} 17. Kh1 {[%clk 00:23:51]}
{[%emt 00:04:27]} e3 {[%clk 00:34:30]} {[%emt 00:00:29]} 18. gxh3 {[%clk
00:23:37]} {[%emt 00:00:23]} exf2 {[%clk 00:34:31]} {[%emt 00:00:10]} 19. Bxc6+
{[%clk 00:21:19]} {[%emt 00:02:27]} bxc6 {[%clk 00:34:21]} {[%emt 00:00:22]} 20.
Qf1 {[%clk 00:20:56]} {[%emt 00:00:33]} Rg1+ {[%clk 00:34:18]} {[%emt
00:00:12]} 21. Qxg1 {[%clk 00:20:55]} {[%emt 00:00:12]} fxg1=Q+ 22. Rxg1 O-O-O
{[%clk 00:33:39]} {[%emt 00:00:22]} 23. Rf1 {[%clk 00:18:30]} {[%emt 00:02:33]}
Qe3 {[%clk 00:33:27]} {[%emt 00:00:23]} 24. Nc1 {[%clk 00:15:02]} {[%emt
00:03:38]} Rd2 {[%clk 00:32:46]} {[%emt 00:00:51]} 25. Nd3 {[%clk 00:11:51]}
{[%emt 00:03:20]} Rxc2 {[%clk 00:32:38]} {[%emt 00:00:19]} 26. Nb4 {[%clk
00:09:26]} {[%emt 00:02:34]} Rd2 {[%clk 00:32:25]} {[%emt 00:00:25]} 27. Nxc6
{[%clk 00:04:10]} {[%emt 00:05:25]} Qe2 {[%clk 00:32:11]} {[%emt 00:00:24]} 28.
Kg1 {[%clk 00:02:53]} {[%emt 00:01:27]} Qg2# {[%emt 00:00:18]} 0-1

[Event "ABC 2025 Groep C"]
[Site "Utrecht"]
[Date "????.??.??"]
[Round "1.12"]
[White "Tetova, Amir"]
[Black "Prins, Laura"]
[Result "1-0"]
[WhiteFideId "8836399"]
[BlackFideId "8994898"]
[WhiteElo "1813"]
[BlackElo "1577"]

1. d4 {[%clk 00:55:17]} {[%emt 00:00:01]} d5 {[%clk 00:55:16]} {[%emt
00:00:05]} 2. Nf3 {[%clk 00:55:22]} {[%emt 00:00:05]} Bf5 {[%clk 00:54:50]}
{[%emt 00:00:37]} 3. Bf4 {[%clk 00:55:26]} {[%emt 00:00:07]} e6 {[%clk
00:54:23]} {[%emt 00:00:36]} 4. e3 {[%clk 00:55:17]} {[%emt 00:00:22]} Bd6
{[%clk 00:53:44]} {[%emt 00:00:47]} 5. Bg3 {[%clk 00:55:20]} {[%emt 00:00:06]}
Nf6 {[%clk 00:53:29]} {[%emt 00:00:26]} 6. c4 {[%clk 00:55:14]} {[%emt
00:00:15]} Bb4+ {[%clk 00:52:05]} {[%emt 00:01:34]} 7. Nc3 {[%clk 00:54:52]}
{[%emt 00:00:33]} Ne4 {[%clk 00:51:12]} {[%emt 00:01:02]} 8. Rc1 {[%clk
00:52:47]} {[%emt 00:02:16]} Bxc3+ {[%clk 00:49:58]} {[%emt 00:01:23]} 9. bxc3
{[%clk 00:52:51]} {[%emt 00:00:06]} c6 {[%clk 00:48:44]} {[%emt 00:01:24]} 10.
Qb3 {[%clk 00:46:51]} {[%emt 00:06:10]} Qb6 {[%clk 00:47:06]} {[%emt 00:01:48]}
11. cxd5 {[%clk 00:45:00]} {[%emt 00:02:01]} cxd5 {[%clk 00:46:07]} {[%emt
00:01:08]} 12. Qxb6 {[%clk 00:43:05]} {[%emt 00:02:06]} axb6 {[%clk 00:46:05]}
{[%emt 00:00:11]} 13. Bb5+ {[%clk 00:43:14]} {[%emt 00:00:02]} Nc6 {[%clk
00:45:01]} {[%emt 00:01:14]} 14. a4 {[%clk 00:43:18]} {[%emt 00:00:06]} O-O
{[%clk 00:44:07]} {[%emt 00:01:03]} 15. Nh4 {[%clk 00:37:38]} {[%emt 00:05:51]}
Na7 {[%clk 00:37:26]} {[%emt 00:06:51]} 16. Nxf5 {[%clk 00:37:18]} {[%emt
00:00:31]} Nxb5 {[%clk 00:36:04]} {[%emt 00:01:31]} 17. Ne7+ {[%clk 00:37:11]}
{[%emt 00:00:17]} Kh8 {[%clk 00:35:42]} {[%emt 00:00:31]} 18. axb5 {[%clk
00:37:11]} {[%emt 00:00:11]} Rfe8 {[%clk 00:33:04]} {[%emt 00:02:47]} 19. Nxd5
{[%clk 00:33:17]} {[%emt 00:04:05]} exd5 {[%clk 00:32:35]} {[%emt 00:00:38]} 20.
f3 {[%clk 00:22:10]} {[%emt 00:11:18]} Nxg3 {[%clk 00:31:20]} {[%emt 00:01:24]}
21. hxg3 {[%clk 00:22:16]} {[%emt 00:00:05]} Rxe3+ {[%clk 00:30:41]} {[%emt
00:00:48]} 22. Kf2 {[%clk 00:22:25]} Rae8 {[%clk 00:29:44]} {[%emt 00:01:08]}
23. Rhe1 {[%clk 00:22:15]} {[%emt 00:00:20]} Rxe1 {[%clk 00:29:39]} {[%emt
00:00:14]} 24. Rxe1 {[%clk 00:22:25]} Rxe1 {[%clk 00:29:41]} {[%emt 00:00:09]}
25. Kxe1 {[%clk 00:22:34]} {[%emt 00:00:01]} f5 {[%clk 00:28:52]} {[%emt
00:00:59]} 26. Ke2 {[%clk 00:22:28]} {[%emt 00:00:16]} Kg8 {[%clk 00:28:52]}
{[%emt 00:00:10]} 27. Kd3 {[%clk 00:20:53]} {[%emt 00:01:45]} Kf7 {[%clk
00:28:45]} {[%emt 00:00:17]} 28. c4 {[%clk 00:16:46]} {[%emt 00:04:17]} Ke6
{[%clk 00:27:55]} {[%emt 00:00:59]} 29. c5 {[%clk 00:16:35]} {[%emt 00:00:22]}
bxc5 {[%clk 00:26:59]} {[%emt 00:01:06]} 30. dxc5 {[%clk 00:16:41]} {[%emt
00:00:04]} g5 {[%clk 00:24:35]} {[%emt 00:02:34]} 31. f4 {[%clk 00:16:31]}
{[%emt 00:00:20]} h6 {[%clk 00:24:06]} {[%emt 00:00:38]} 32. Kd4 {[%clk
00:16:25]} {[%emt 00:00:16]} g4 {[%clk 00:23:21]} {[%emt 00:00:55]} 33. c6
{[%clk 00:16:25]} {[%emt 00:00:11]} bxc6 {[%clk 00:22:26]} {[%emt 00:01:05]} 34.
bxc6 {[%clk 00:16:33]} {[%emt 00:00:02]} Kd6 {[%clk 00:22:23]} {[%emt
00:00:12]} 35. c7 {[%clk 00:16:41]} {[%emt 00:00:03]} Kxc7 {[%clk 00:22:12]}
{[%emt 00:00:21]} 36. Kxd5 {[%clk 00:16:50]} {[%emt 00:00:01]} Kd7 {[%clk
00:22:05]} {[%emt 00:00:17]} 37. Ke5 {[%clk 00:16:58]} {[%emt 00:00:02]} Ke7
{[%clk 00:22:07]} {[%emt 00:00:08]} 38. Kxf5 {[%clk 00:17:04]} {[%emt
00:00:04]} h5 {[%clk 00:22:07]} {[%emt 00:00:09]} 39. Kg6 {[%clk 00:17:05]}
{[%emt 00:00:10]} Ke6 {[%clk 00:22:02]} {[%emt 00:00:15]} 40. f5+ {[%clk
00:17:14]} {[%emt 00:00:02]} Ke5 {[%clk 00:21:54]} {[%emt 00:00:17]} 41. f6
{[%clk 00:17:20]} {[%emt 00:00:04]} Ke6 {[%clk 00:22:00]} {[%emt 00:00:05]} 42.
f7 {[%clk 00:17:26]} {[%emt 00:00:03]} Ke5 {[%clk 00:22:07]} {[%emt 00:00:02]}
43. f8=Q {[%clk 00:17:32]} {[%emt 00:00:04]} Kd5 {[%clk 00:22:12]} {[%emt
00:00:06]} 44. Qf5+ {[%clk 00:17:35]} {[%emt 00:00:07]} Kd4 {[%clk 00:22:17]}
{[%emt 00:00:04]} 45. Qxh5 {[%clk 00:17:37]} {[%emt 00:00:08]} Ke4 {[%clk
00:22:05]} {[%emt 00:00:22]} 46. Qxg4+ {[%clk 00:17:42]} {[%emt 00:00:05]} Ke3
{[%clk 00:22:09]} {[%emt 00:00:07]} 47. Qf4+ {[%clk 00:17:48]} {[%emt
00:00:03]} Kd3 {[%clk 00:22:13]} {[%emt 00:00:07]} 48. Kf5 {[%clk 00:17:54]}
{[%emt 00:00:04]} Kc3 {[%clk 00:22:12]} {[%emt 00:00:11]} 49. g4 {[%clk
00:18:02]} {[%emt 00:00:01]} Kd3 {[%clk 00:22:08]} {[%emt 00:00:14]} 50. g5
{[%clk 00:18:08]} {[%emt 00:00:05]} Kc3 {[%clk 00:22:13]} {[%emt 00:00:05]} 51.
g6 {[%clk 00:18:14]} {[%emt 00:00:04]} Kd3 {[%clk 00:22:21]} {[%emt 00:00:02]}
52. g7 {[%clk 00:18:19]} {[%emt 00:00:05]} Kc3 {[%clk 00:22:28]} {[%emt
00:00:03]} 53. g8=Q {[%clk 00:18:25]} {[%emt 00:00:04]} Kd3 {[%clk 00:22:25]}
{[%emt 00:00:13]} 54. Qb3+ {[%clk 00:18:32]} {[%emt 00:00:03]} Ke2 {[%clk
00:22:25]} {[%emt 00:00:10]} 55. Qff3+ {[%clk 00:18:38]} {[%emt 00:00:04]} Ke1
{[%clk 00:22:21]} {[%emt 00:00:14]} 56. Qbd1# {[%clk 00:18:47]} {[%emt
00:00:01]} 1-0